Polskie Okręgi Przemysłowe na mapie - Statystyki

Ogólne statystyki
  • Ten quiz został rozwiązany 104 razy
  • Średni wynik to 16 z 23
Odpowiedzi na mapie
Odpowiedzi zakodowano w zielono-czerwonej skali na mapie do tego quizu, zgodnie z poniższymi procentami.
 
Statystyki odpowiedzi
Odpowiedź % Poprawnych
Szczeciński Okręg Przemysłowy
84%
Warszawski Okręg Przemysłowy
83%
Bydgosko-Toruński Okręg Przemysłowy
81%
Łódzki Okręg Przemysłowy
80%
Poznański Okręg Przemysłowy
80%
Lubelski Okręg Przemysłowy
78%
Gdański Okręg Przemysłowy
77%
Wrocławski Okręg Przemysłowy
73%
Krakowski Okręg Przemysłowy
72%
Rzeszowski Okręg Przemysłowy
72%
Górnośląski Okręg Przemysłowy
70%
Zagłębie Konińskie
70%
Zagłębie Bełchatowskie
67%
Karpacki Okręg Przemysłowy
66%
Opolski Okręg Przemysłowy
66%
Płocki Okręg Przemysłowy
66%
Legnicko-Głogowski Okręg Miedziowy
64%
Staropolski Okręg Przemysłowy
63%
Częstochowski Okręg Przemysłowy
59%
Zagłębie Turoszowskie
59%
Tarnowski Okręg Przemysłowy
58%
Sudecki Okręg Przemysłowy
55%
Bielski Okręg Przemysłowy
52%
Nie znaleziono quizów pasujących do podanych kryteriów
Rozkład punktacji
Procent ludzi z każdym wynikiem
Percentyl według liczby udzielonych odpowiedzi
Twoja historia wyników
Nie rozwiązałeś tego quizu